000 03176cam a22004094a 4500
001 ocn137334601
003 TZ-ArACH
005 20150319105243.0
008 071130s2007 be 000 0 eng
010 _a 2008359153
015 _aGBA755380
_2bnb
016 7 _a013759134
_2Uk
020 _a9050954928
020 _a9789050954921
035 _a(OCoLC)137334601
040 _aDLC
_cTZ-ArACH
_dOHX
_dYDXCP
_dUKM
_dNDL
_dBAKER
_dBTCTA
_dNLA
_dMUQ
041 _aeng
049 _aTZAA
050 0 0 _aK3240
_b.R477 2007
050 4 _aJC578
_b.R463 2007
072 7 _2lcc
082 0 4 _a362.87
_222
100 _aMax du Plessis
_914823
245 0 0 _aRepairing the past? : international perspectives on reparations for gross human rights abuses
_binternational perspectives on reparations for gross human rights abuses /
_cedited by Max du Plessis and Stephen Peté.
260 _aAntwerpen :
_bIntersentia,
_c2007.
300 _axix, 455 p. ;
_c24 cm.
440 0 _aSeries on transitional justice ;
_vv. 1
_9566
504 _aIncludes bibliographical references.
505 0 0 _tReparations for gross violations of human rights in context /
_rStephen Peté and Max du Plessis --
_tBack to the future : the historical dimension of liberal justice /
_rMichael Freeman --
_tTaking apology seriously /
_rCatherine Jenkins --
_tAmnesty of impunity? A preliminary critique of the report of the Truth and Reconciliation Commission of South Africa (TRC) /
_rMahmood Mamdani --
_tHistorical reflections on Holocaust reparations : unfinished business or an example for other reparations campaigns? /
_rRegula Ludi --
_tReparations and international law : how are reparations to be determined (past wrong or current effects), against whom, and what form should they take? /
_rMas du Plessis --
_tReparations under international criminal law /
_rAndreas O'Shea --
_tReparations for gross human rights violations in Africa : the Great Lakes /
_rJeremy Sarkin --
_tApartheid and the Alien Torts Act: global justice meets sovereign equality /
_rMichael Osborne --
_tRedress for slavery : the African-American struggle /
_rRoy L. Brooks --
_tCorporate reparations for descendants of enslaved African-Americans : practical obstacles /
_rDiane E. Sammons --
_tReparations for residential school abuse in Canada : litigation, ADR and politics /
_rKen Cooper-Stephenson --
_tA 'diminished nation' : Australia's response to claims for reparations by the 'stolen generations' /
_rMark Harris --
_t'I will be forgotten' : legal redress for Korean comfort women /
_rBo Jung Kwon --
_tThe Herero demand for reparations from Germany : the hundred year old legacy of a colonial war in the politics of Namibia /
_rSidney L. Harring.
650 0 _aHuman rights.
_9567
650 0 _aReparations for historical injustices.
_9568
650 6 _aDroits de l'homme (Droit international)
_9569
650 6 _aRéparations des crimes de l'histoire.
_9570
942 _2lcc
_cBOOK
999 _c1143
_d1143